000 00445nam a2200193Ia 4500
003 LK-CoDNM
008 010623t xxu||||| |||| 00| 1 sin d
040 _aLK-CoDNM
_dLK-CoDNM
_eLK-CoDNM
041 _asin
080 _a22/28 GRE
100 _aGreham,Bili.
245 _aශාන්ති
246 _aShanthi
260 _bPragna
_aColombo
300 _b80p., 16 cm
650 _aChristinity
700 _aPeris,Lakshman.
942 _cBK
999 _c141184
_d141184